000 004800000a22001690004500
090 _aAR
_b02138
245 1 0 _aPrivate - land problem
650 1 4 _aPolíticas ambientales
_95366
650 1 4 _aEspecies en peligro
_993276
650 1 4 _aProblemas ambientales
_914279
651 4 _pEstados Unidos
_992749
041 0 _aInglés
700 1 _aWilcove, David S.
_995622
100 1 _aBean, Michael J.
_995623
942 _cARTICULO
773 1 _tConservation Biology
_324
_h1
_q1-5
_d1997
_g11
999 _c11213
_d11213